The King of Little Things / text by Bil Lepp ; ... Read More
Available copies
- 0 of 1 copy available at LARL/NWRL Consortium.
Current holds
0 current holds with 1 total copy.
Show All Copies
| Location | Call Number / Copy Notes | Barcode | Shelving Location | Status | Due Date |
|---|---|---|---|---|---|
Record details
- ISBN: 9781561457083
- Physical Description: pages cm
- Publisher: Atlanta : Peachtree Publishers, 2013
Content descriptions
| Summary, etc.: | "When King Normous decides to become king of the ... Read More |
Search for related items by subject
| Subject: | Kings, queens, rulers, etc. > Fiction. Size > Fiction. |
| LDR | 01211cam a22003138i 4500 | ||
|---|---|---|---|
| 001 | 156085 | ||
| 003 | LARL_NWRL_CONSORTIUM | ||
| 005 | 20120911180927.0 | ||
| 008 | 120911s2013 gau b 000 1 eng | ||
| 010 | . | ‡a2012032584 | |
| 020 | . | ‡a9781561457083 | |
| 040 | . | ‡aDLC ‡beng ‡cDLC ‡erda | |
| 042 | . | ‡alcac ‡apcc | |
| 049 | . | ‡aNRG | |
| 050 | 0 | 0. | ‡aPZ7.L5556 ‡bKi 2013 |
| 082 | 0 | 0. | ‡a[E] ‡223 |
| 100 | 1 | . | ‡aLepp, Bil, ‡d1970- ‡0(LARL_NWRL_CONSORTIUM)129640 |
| 245 | 1 | 4. | ‡aThe King of Little Things / ‡ctext by Bil Lepp ; illustrations by David Wenzel. |
| 260 | . | ‡aAtlanta : ‡bPeachtree Publishers, ‡c2013 | |
| 300 | . | ‡apages cm | |
| 336 | . | ‡atext ‡2rdacontent | |
| 337 | . | ‡aunmediated ‡2rdamedia | |
| 338 | . | ‡avolume ‡2rdacarrier | |
| 520 | . | ‡a"When King Normous decides to become king of the whole world, the King of Little Things--and his subjects--must find a way to outsmart Normous and keep their little kingdom safe"-- ‡cProvided by publisher. | |
| 650 | 1. | ‡aKings, queens, rulers, etc. ‡vFiction. | |
| 650 | 1. | ‡aSize ‡vFiction. | |
| 700 | 1 | . | ‡aWenzel, David, ‡d1950- ‡eillustrator. ‡0(LARL_NWRL_CONSORTIUM)52206 |
| 901 | . | ‡a156085 ‡bISxN ‡c156085 ‡tbiblio | |

Add to basket
Permalink
Disable Highlighting